000 00855nam a22002057a 4500
001 BD-DhSAU 5646
003 BD-DhSAU
005 20150416165137.0
008 150416b1985 bg a|||| |||| 000 0 ben d
040 _aBD-DhSAU
082 _222
_a৬৩৫.৫
_bশ্রস
100 _aশ্রফুদ্দিন, এ এফ এম
245 _aসব্জি বিজ্ঞান /
_cএ এফ এম শ্রফুদ্দিন এবং মোঃ আব্দুস সিদ্দিক
260 _aবাংলাদেশ :
_bমিসেস হাসিনা আখতার বিউটি ,
_c১৯৮৫.
300 _a১৮৫ পৃ. :
_c২২ সে. মি.
590 _atamanna
650 _ahorticulture
650 _aউদ্দান বিদ্যা
700 _aসিদ্দিক, মোঃ আব্দুস
942 _2ddc
_cBOOK
999 _c5646
_d5646